000 00303nam a22001337a 4500
008 171025b xxu||||| |||| 00| 0 eng d
020 _a013041476
041 _aeng
080 _a311
100 _a55
101 _aSTA
245 _aAPPLIED STATISTICS A FIRST COURSE
_cLEVINE.D.M
942 _2udc
_cBK
999 _c35875
_d35875